00782pam a2200241 a 4500001000800000005001700008008004100025010001700066020001500083040002300098041000800121060001700129080001200146082001600158100000600174101000800180245012300188504003900311906004500350942001200395999001700407952011600424335136820180820043554.0860703s1987 mdua b 001 0 eng c a 86015936  a0683089269 aDNLM/DLCcDLCdDLC aeng aWV 500 W427c a616.85500a616.8552191 a3 aSHM10aClinical management of articulatory and phonologic disorders /cCurtis E. Weiss, Mary E. Gordon, Herold S. Lillywhite. aIncludes bibliographies and index. a7bcbccorignewd1eocipf19gy-gencatlg 2ddccBK c47221d47221 00102lcc40708PËKGa002b002cPËKGd2018-08-20l0o616.855 WEIp002-3011390r2018-08-20w2018-08-20yBK